Click the Fictional Nick Quiz Stats

 Plays Quiz not verified by Sporcle

Support Sporcle.
Go Orange.
Score 0/9 Timer 02:00
0 Plays Today
% Correct
Nick Wilde
96.7%
Nick Szalinski
96.3%
Nicholas Angel
95.1%
Nick Fury
94.3%
Nicholas Nickleby
92.4%
Nick Miller
90.7%
Nick Andopolis
87.6%
Nick Burkhardt
86.8%
Nick
64.6%

You're not logged in!

Compare scores with friends on all Sporcle quizzes.
OR
Log In

From the Vault

Films by Characters in Other Films

by JHEL

Ferris Bueller and Darth Vader really should do more movies together
Remove Ads.
Support Sporcle.
Get the best of Sporcle when you Go Orange. This ad-free experience offers more features, more stats, and more fun while also helping to support Sporcle. Thank you for becoming a member.

Show Comments

Extras

Top Quizzes Today


Score Distribution

Your Account Isn't Verified!

In order to create a playlist on Sporcle, you need to verify the email address you used during registration. Go to your Sporcle Settings to finish the process.

Report this User

Report this user for behavior that violates our Community Guidelines.

Details: